000 00350 a2200157 4500
001 71482
020 _a
040 _cAnchieta - Colégio São Paulo
100 _aBrasileiro, Jonar
240 1 0 _aO papel e a idéia
_lpor
245 1 0 _aO papel e a idéia
300 _a[42p.]
362 0 _a0
650 4 _aLiteratura infanto-juvenil
942 _cBK
999 _c71482
_d71482